00366pab a2200133 454500008004000000100001900040245007500059260000900134300001300143362001100156650002500167700002000192773002000212180718b2017 xxu||||| |||| 00| 0 eng d aKolay, Somnath aModern predicament and relevance of Rabindranath's thoughts and wisdom c2017 ap.19-24. a07 Aug aTagore, Rabindranath aChandra, N.D.R. aUniversity News